「計画化」と「民主化」

Zapisane w:
Opis bibliograficzny
1. autor: 中村隆英(なかむら たかふさ)
Format: Książka
Język:Undetermined
Wydane: 東京 岩波書店 1989
Hasła przedmiotowe:
Etykiety: Dodaj etykietę
Nie ma etykietki, Dołącz pierwszą etykiete!
Thư viện lưu trữ: Trung tâm Học liệu Trường Đại học Cần Thơ
LEADER 00529nam a2200193Ia 4500
001 CTU_84998
008 210402s9999 xx 000 0 und d
082 |a 330.952 
082 |b N163 
100 |a 中村隆英(なかむら たかふさ) 
245 0 |a 「計画化」と「民主化」 
245 0 |c 中村隆英 
260 |a 東京 
260 |b 岩波書店 
260 |c 1989 
650 |a Japan 
650 |x Economic conditions 
904 |i Ngoc, QHieu 
980 |a Trung tâm Học liệu Trường Đại học Cần Thơ